Corporate governance and enterprise reform in China: Buiding the institutions of modern markets

Sparad:
Bibliografiska uppgifter
Huvudupphovsman: Stoyan Tenev
Materialtyp: Bok
Språk:Undetermined
Publicerad: Washington DC The World Bank 2002
Ämnen:
Taggar: Lägg till en tagg
Inga taggar, Lägg till första taggen!
Thư viện lưu trữ: Trung tâm Học liệu Trường Đại học Cần Thơ
LEADER 00555nam a2200181Ia 4500
001 CTU_62698
008 210402s9999 xx 000 0 und d
082 |a 338.7 
082 |b T292 
100 |a Stoyan Tenev 
245 0 |a Corporate governance and enterprise reform in China: Buiding the institutions of modern markets 
245 0 |c Stoyan Tenev and Chunlin Zhang 
260 |a Washington DC 
260 |b The World Bank 
260 |c 2002 
650 |a business enterprises 
904 |i Minh 
980 |a Trung tâm Học liệu Trường Đại học Cần Thơ